Countries that start with G sorted by population - Statistics

General Stats
  • This quiz has been taken 58 times
  • The average score is 9 of 11
Answer Stats
World Rank Population Country % Correct
17 82,800,000 Germany
96%
74 12,947,000 Guinea
84%
68 16,176,133 Guatemala
80%
148 1,811,079 Gabon
77%
46 28,308,301 Ghana
77%
83 10,783,748 Greece
77%
149 1,547,777 Guinea-Bissau
77%
162 746,900 Guyana
77%
130 3,720,400 Georgia
73%
181 103,328 Grenada
73%
147 1,882,450 The Gambia
68%
No matching quizzes found
Score Distribution
Percent of People with Each Score
Percentile by Number Answered
Your Score History
You have not taken this quiz